📖 Résumé "Le cas Malaussène"T.1 "Ils m'ont menti" Daniel Pennac - Statistiques

Statistiques générales
  • Ce quiz a Ă©tĂ© pris 3 fois
  • Le rĂ©sultat moyen est 72 sur 139
Statistiques - réponses
Mots % Correct
Ă 
100%
C'
100%
d'
100%
de
100%
est
100%
Est
100%
et
100%
je
100%
l'
100%
"La
100%
la
100%
LapietĂ ,
100%
le
100%
Les
100%
Ma
100%
ma
100%
Malaussène
100%
mon
100%
on
100%
son
100%
dans
67%
Georges
67%
moi,
67%
Moi,
67%
monde
67%
monde.
67%
né
67%
ne
67%
oĂą
67%
petite
67%
peut
67%
plus
67%
pour
67%
quand
67%
qui
67%
roman
67%
sans
67%
se
67%
sur
67%
sûr.
67%
tout
67%
Tout
67%
Un
67%
un
67%
une
67%
Ange
33%
"Aux
33%
- Benjamin
33%
bien
33%
des
33%
deux
33%
faire
33%
jeune
33%
marchande
33%
née
33%
nom,
33%
pas
33%
porte
33%
prose",
33%
sœur
33%
toute
33%
vraie
33%
addicts
0%
adultes
0%
affairiste
0%
avisée,
0%
Carabine",
0%
changer,
0%
cheptel
0%
croche-
0%
écrivains
0%
éditrice
0%
explosif,
0%
Fée
0%
fils
0%
fruits
0%
hurlante
0%
Justice
0%
kidnappe
0%
main
0%
Maracuja
0%
marchent
0%
ment
0%
mères
0%
Monsieur
0%
morfle.
0%
neveu
0%
nièce
0%
occasion
0%
orphelin
0%
passion".
0%
perdre
0%
pères
0%
pieds,
0%
Police
0%
règne
0%
Reine
0%
sauf
0%
Verdun
0%
vérité
0%
voici
0%
Zabo,
0%
Aucun quiz correspondant
Distribution des résultats
% des personnes avec chaque résultat
Percentile par nombre de réponses
Votre historique - résultats
Vous n’avez pas pris ce quiz